Movie Pictograms - Statistics

General Stats
  • This quiz has been taken 2,297 times
  • The average score is 6 of 10
Answers on the Map
Answers color-coded by a green-red scale on the quiz's map according to % correct below.
 
Answer Stats
Answer % Correct
A Clockwork Orange
77%
Jaws
77%
The Elephant Man
75%
Top Gun
73%
The Sting
63%
Seven Samurai
61%
WALL-E
56%
North by Northwest
48%
Casablanca
19%
The Diving Bell and the Butterfly
12%
No matching quizzes found
Score Distribution
Percent of People with Each Score
Percentile by Number Answered
Your Score History
You have not taken this quiz